Lanzkowsky's Manual of Pediatric Hematology and Oncology (notice n° 1554134)

détails MARC
000 -LEADER
fixed length control field 02225cam a2200301zu 4500
003 - CONTROL NUMBER IDENTIFIER
control field FRCYB88972806
005 - DATE AND TIME OF LATEST TRANSACTION
control field 20251020123424.0
008 - FIXED-LENGTH DATA ELEMENTS--GENERAL INFORMATION
fixed length control field 251020s2021 fr | o|||||0|0|||eng d
020 ## - INTERNATIONAL STANDARD BOOK NUMBER
International Standard Book Number 9780128216712
035 ## - SYSTEM CONTROL NUMBER
System control number FRCYB88972806
040 ## - CATALOGING SOURCE
Original cataloging agency FR-PaCSA
Language of cataloging en
Transcribing agency
Description conventions rda
100 1# - MAIN ENTRY--PERSONAL NAME
Personal name Fish, Jonathan D.
245 01 - TITLE STATEMENT
Title Lanzkowsky's Manual of Pediatric Hematology and Oncology
Statement of responsibility, etc. ['Fish, Jonathan D.', 'Lipton, Jeffrey M.', 'Lanzkowsky, Philip']
264 #1 - PRODUCTION, PUBLICATION, DISTRIBUTION, MANUFACTURE, AND COPYRIGHT NOTICE
Name of producer, publisher, distributor, manufacturer Academic Press
Date of production, publication, distribution, manufacture, or copyright notice 2021
300 ## - PHYSICAL DESCRIPTION
Extent p.
336 ## - CONTENT TYPE
Content type code txt
Source rdacontent
337 ## - MEDIA TYPE
Media type code c
Source rdamdedia
338 ## - CARRIER TYPE
Carrier type code c
Source rdacarrier
520 ## - SUMMARY, ETC.
Summary, etc. Lanzkowsky's Manual of Pediatric Hematology and Oncology, Seventh Edition remains the go-to clinical manual for the treatment and management of childhood cancers and blood disorders. It is a comprehensive book on patient management, replete with algorithms and flow diagrams, and includes a new section on vascular anomalies. Reflecting the considerable advances in the treatment and management of hematologic and oncologic diseases in children, the seventh edition of this successful clinical manual is entirely updated to incorporate all current treatment protocols, new drugs, and management approaches. Its concise and easy-to-read format, again, enables readers to make accurate diagnoses and treatment decisions without having to reference larger medical textbooks. - Designed to be easily readable and highly practical with over 400 illustrative tables, along with color diagrams and figures - New chapter on Pediatric Vascular Anomalies - New content on 'blood avoidance' programs to honor religious preferences - Discussions of new drugs and immunological therapies for cancers, along with discussions of increasing use of cytokine stimulants for hematologic disorders - Includes practical genetic evaluations providing a deeper understanding and advances in management of bone marrow failure diseases
650 #0 - SUBJECT ADDED ENTRY--TOPICAL TERM
Topical term or geographic name entry element
700 0# - ADDED ENTRY--PERSONAL NAME
Personal name Fish, Jonathan D.
700 0# - ADDED ENTRY--PERSONAL NAME
Personal name Lipton, Jeffrey M.
700 0# - ADDED ENTRY--PERSONAL NAME
Personal name Lanzkowsky, Philip
856 40 - ELECTRONIC LOCATION AND ACCESS
Access method Cyberlibris
Uniform Resource Identifier <a href="https://international.scholarvox.com/netsen/book/88972806">https://international.scholarvox.com/netsen/book/88972806</a>
Electronic format type text/html
Host name

Pas d'exemplaire disponible.

PLUDOC

PLUDOC est la plateforme unique et centralisée de gestion des bibliothèques physiques et numériques de Guinée administré par le CEDUST. Elle est la plus grande base de données de ressources documentaires pour les Étudiants, Enseignants chercheurs et Chercheurs de Guinée.

Adresse

627 919 101/664 919 101

25 boulevard du commerce
Kaloum, Conakry, Guinée

Réseaux sociaux

Powered by Netsen Group @ 2025